000 00311nam a2200121Ia 4500
008 191201s1998 xx 000 0 und d
100 _aSARASWATI, Swami Omananda
245 0 _aOmananda Yoga Sadhana
260 _aN. delhi
_bBrahmkulo Devadhar
_c1998
300 _a675
650 _aGeneral Books
942 _2ddc
_cBK
999 _c6477
_d6477